000 00646nam a2200289Ia 4500
005 20260324150312.0
008 008 260324s9999 xx 000 0 eng d
020 _a9781003408024
037 _aEBOOK
040 _aCRL
040 _beng
040 _cCRL
041 _2eng
041 _aeng
084 _qCRL
100 _aMalcolm Slesser
_91225505
245 0 _aBrazil
245 0 _bLand Without Limits
260 _bTaylor and Francis
260 _c1969
365 _a
365 _b160
856 _uhttp://www.taylorfrancis.com/books/9781003408024
942 _cEBOOK
999 _c1835173
_d1835173